000 00570nam a2200217Ia 4500
003 OSt
005 20220928135510.0
006 a|||||r|||| 00| 0
007 ta
008 220927b |||||||| |||| 00| 0 eng d
024 _a2570
037 _cTextual
040 _aSDCL
_cSDCL
_beng
041 _2eng
_aeng
082 _aX:51-8:(S), L0
100 _aKelley Eugene Ed.
_9491017
245 0 _aMarketing management and the behavioral environment
260 _c1970
942 _hX:51-8:(S), L0
_cTEXL
_2CC
999 _c806381
_d806381